000 00492nam a22001697a 4500
003 OSt
005 20221007200430.0
008 221007b |||||||| |||| 00| 0 eng d
020 _a963 004175 8
040 _cBiblioteca Lado V
082 _a708
_bN443s
100 _9132
_aNeray, Katarin
_eeditora
245 _aSelected Works from the colletion/
260 _aBudapest
_bMuseum of Contemporary Art
_c2000
300 _a147p.
_c24x28cm
942 _2ddc
_c1
_h708
_iN443s
_n0
999 _c2249
_d2249